| 000 | 00475nam a2200145 4500 | ||
|---|---|---|---|
| 999 |
_c10975 _d10975 |
||
| 008 | 181002b ||||| |||| 00| 0 eng d | ||
| 022 | _a2094-8042 | ||
| 082 | _aDPer 370.105 M72 Jan-Dec 2011 v59-60 | ||
| 100 |
_931881 _aCantalejo, Grace |
||
| 245 |
_aRecipes for all souls day/ _cGrace Cantalejo. |
||
| 260 |
_aPhilippines: _bIn the Grade School, Inc., _cc2011. |
||
| 300 |
_av60 n6, pages 250-251: _billustrations; _c27cm. |
||
| 650 | 0 |
_931882 _aCooking. |
|
| 942 |
_2ddc _cPER |
||